LEADER 03691nam 2200589 450 001 9910163131103321 005 20170821170235.0 010 $a1-280-67107-6 010 $a9786613648006 010 $a3-8055-9987-0 035 $a(CKB)3240000000066291 035 $a(EBL)3016575 035 $a(SSID)ssj0000629508 035 $a(PQKBManifestationID)11359727 035 $a(PQKBTitleCode)TC0000629508 035 $a(PQKBWorkID)10731167 035 $a(PQKB)11613461 035 $a(MiAaPQ)EBC3016575 035 $a(OCoLC)793598117 035 $a(SZ-BaSKA)256797 035 $a(PPN)175641560 035 $a(EXLCZ)993240000000066291 100 $a20120201d2012 uy| 0 101 0 $aeng 135 $aur|n|---||||| 181 $ctxt 182 $cc 183 $acr 200 00$aNew treatments in non-infectious uveitis /$fvolume editors, Elisabetta Miserocchi, Giulio Modorati, C. Stephen Foster 210 1$aBasel :$cKarger,$d[2012] 210 4$dİ2012 215 $a1 online resource (179 p.) 225 1 $aDevelopments in ophthalmology,$x0250-3751 ;$vvolume 51 300 $aDescription based upon print version of record. 311 $a3-8055-9986-2 320 $aIncludes bibliographical references and index. 327 $aThe philosophy of treatment of uveitis : past, present and future / Kruh, J., Foster, C.S. -- The gold standard of noninfectious uveitis : corticosteroids / Lehoang, P. -- Corticosteroid-sparing agents : conventional systemic immunosuppressants / Kruh, J., Foster, C.S. -- Corticosteroid-sparing agents : new treatment options / Tomkins-Netzer, O., Taylor, S.R.J., Lightman, S. -- Mycophenolate mofetil use in the treatment of noninfectious uveitis / Klisovic, D.D. -- Anti-tumor necrosis factor : agents in noninfectious uveitis / Gueudry, J., LeHoang, P., Bodaghi, B. -- New biologic drugs : anti-interleukin therapy -- Tappeiner, C. ... [et al.] -- Interferon / Deuter, C., Stu?biger, N., Zierhut, M. -- Rituximab for the treatment of noninfectious uveitis / Miserocchi, E., Modorati, G. -- Intravitreal injection therapy in the treatment of noninfectious uveitis / Modorati, G., Miserocchi, E. -- Corticosteroid intravitreal implants / de Smet, M.D. -- New treatment options for noninfectious uveitis / Gomes Bittencourt, M. ... [et al.]. 330 $aUveitis is a potentially blinding inflammatory disease that presents one of the most serious and complicated therapeutic challenges in the field of ophthalmology. During the last decade, the therapeutic armamentarium of the uveitis specialist has enormously expanded. Novel biologic agents and intraocular therapy are becoming a valuable alternative treatment to control ocular inflammatory diseases and inflammatory macular edema -- the most important cause of visual loss in patients with uveitis. This publication is designed to bring together the principles of therapy of patients with noninfectious uveitis and the most recent therapeutic options available. General ophthalmologists, uveitis specialists as well as residents will find it a useful update on the latest innovative treatment options for patients with noninfectious uveitis. 410 0$aDevelopments in ophthalmology ;$vv. 51. 606 $aUveitis$xGene therapy 615 0$aUveitis$xGene therapy. 676 $a617.7/2 701 $aMiserocchi$b Elisabetta$01208611 701 $aModorati$b Giulio$01208612 701 $aFoster$b C. Stephen$g(Charles Stephen),$f1942-$01013655 801 0$bMiAaPQ 801 1$bMiAaPQ 801 2$bMiAaPQ 906 $aBOOK 912 $a9910163131103321 996 $aNew treatments in non-infectious uveitis$92788369 997 $aUNINA LEADER 03938nam 22008055 450 001 996465879603316 005 20230406002651.0 010 $a3-540-34138-2 024 7 $a10.1007/11752790 035 $a(CKB)1000000000232970 035 $a(SSID)ssj0000320257 035 $a(PQKBManifestationID)11238875 035 $a(PQKBTitleCode)TC0000320257 035 $a(PQKBWorkID)10348180 035 $a(PQKB)10370877 035 $a(DE-He213)978-3-540-34138-3 035 $a(MiAaPQ)EBC3068016 035 $a(PPN)12313465X 035 $a(EXLCZ)991000000000232970 100 $a20100301d2006 u| 0 101 0 $aeng 135 $aurnn|008mamaa 181 $ctxt 182 $cc 183 $acr 200 10$aSubspace, Latent Structure and Feature Selection$b[electronic resource] $eStatistical and Optimization Perspectives Workshop, SLSFS 2005 Bohinj, Slovenia, February 23-25, 2005, Revised Selected Papers /$fedited by Craig Saunders, Marko Grobelnik, Steve Gunn, John Shawe-Taylor 205 $a1st ed. 2006. 210 1$aBerlin, Heidelberg :$cSpringer Berlin Heidelberg :$cImprint: Springer,$d2006. 215 $a1 online resource (X, 209 p.) 225 1 $aTheoretical Computer Science and General Issues,$x2512-2029 ;$v3940 300 $aBibliographic Level Mode of Issuance: Monograph 311 $a3-540-34137-4 320 $aIncludes bibliographical references and author index. 327 $aInvited Contributions -- Discrete Component Analysis -- Overview and Recent Advances in Partial Least Squares -- Random Projection, Margins, Kernels, and Feature-Selection -- Some Aspects of Latent Structure Analysis -- Feature Selection for Dimensionality Reduction -- Contributed Papers -- Auxiliary Variational Information Maximization for Dimensionality Reduction -- Constructing Visual Models with a Latent Space Approach -- Is Feature Selection Still Necessary? -- Class-Specific Subspace Discriminant Analysis for High-Dimensional Data -- Incorporating Constraints and Prior Knowledge into Factorization Algorithms ? An Application to 3D Recovery -- A Simple Feature Extraction for High Dimensional Image Representations -- Identifying Feature Relevance Using a Random Forest -- Generalization Bounds for Subspace Selection and Hyperbolic PCA -- Less Biased Measurement of Feature Selection Benefits. 410 0$aTheoretical Computer Science and General Issues,$x2512-2029 ;$v3940 606 $aAlgorithms 606 $aComputer science?Mathematics 606 $aMathematical statistics 606 $aComputer science 606 $aArtificial intelligence 606 $aComputer vision 606 $aPattern recognition systems 606 $aAlgorithms 606 $aProbability and Statistics in Computer Science 606 $aTheory of Computation 606 $aArtificial Intelligence 606 $aComputer Vision 606 $aAutomated Pattern Recognition 615 0$aAlgorithms. 615 0$aComputer science?Mathematics. 615 0$aMathematical statistics. 615 0$aComputer science. 615 0$aArtificial intelligence. 615 0$aComputer vision. 615 0$aPattern recognition systems. 615 14$aAlgorithms. 615 24$aProbability and Statistics in Computer Science. 615 24$aTheory of Computation. 615 24$aArtificial Intelligence. 615 24$aComputer Vision. 615 24$aAutomated Pattern Recognition. 676 $a003/.1 702 $aSaunders$b Craig$4edt$4http://id.loc.gov/vocabulary/relators/edt 702 $aGrobelnik$b Marko$4edt$4http://id.loc.gov/vocabulary/relators/edt 702 $aGunn$b Steve$4edt$4http://id.loc.gov/vocabulary/relators/edt 702 $aShawe-Taylor$b John$4edt$4http://id.loc.gov/vocabulary/relators/edt 906 $aBOOK 912 $a996465879603316 996 $aSubspace, Latent Structure and Feature Selection$9772769 997 $aUNISA